Právo cenných papierov a burzové právo

Salvato in:
Dettagli Bibliografici
Autore principale: Holub, Dušan
Ente Autore: Ekonomická univerzita v Bratislave. Obchodná fakulta
Altri autori: Chovancová, Božena, Horniaková, Ľubica
Natura: Libro
Lingua:slovacco
Pubblicazione: Bratislava Vydavateľstvo EKONÓM 2010
Edizione:2. vyd.
Soggetti:
Tags: Aggiungi Tag
Nessun Tag, puoi essere il primo ad aggiungerne!!

MARC

LEADER 00000nam$a2200000$$$4500
001 0111584
005 20240502072233.1
020 |a 978-80-225-2942-6 
041 0 |a slo 
044 |a SK 
245 1 0 |a Právo cenných papierov a burzové právo  |c Dušan Holub 
250 |a 2. vyd. 
264 1 |a Bratislava  |b Vydavateľstvo EKONÓM  |c 2010 
300 |a 201 s. [12,493 AH] 
610 2 0 |a papiere cenné 
610 2 0 |a burzy 
610 2 0 |a právo 
610 2 0 |a legislatíva 
610 2 0 |a trh finančný 
610 2 0 |a úpravy právne 
610 2 0 |a investovanie kolektívne 
610 2 0 |a spoločnosti správcovské 
610 2 0 |a Slovensko 
100 1 |a Holub, Dušan 
700 1 |a Chovancová, Božena 
700 1 |a Horniaková, Ľubica 
710 2 |a Ekonomická univerzita v Bratislave. Obchodná fakulta